000 00399nam a22001697a 4500
003 OSt
008 230130b ||||| |||| 00| 0 eng d
020 _a9789386668295
082 _a338.5
_bMAP
100 _aGREGORY MANKIW,N
245 _aPrinciples of Microeconomics
250 _a7th Ed
260 _aNew Delhi
_bCengage
_c2021
300 _a495
650 _aMicroeconomics
942 _2ddc
_cREF
999 _c11814
_d11814